| 000 | 00731nam a22002297a 4500 | ||
|---|---|---|---|
| 999 |
_c17082 _d17082 |
||
| 003 | AR-CdUCM | ||
| 008 | 190507b ||||| |||| 00| 0 spa d | ||
| 040 |
_aMUNICIPALIDAD PROVINCIAL DEL CUSCO _cBIBLIOTECA MUNICIPAL DEL CUSCO |
||
| 082 |
_a838.95 / _bEG31 |
||
| 100 |
_aEgon Holthosen, Hans _936913 |
||
| 245 | _aRainer Maria Rilke / | ||
| 260 |
_aBuenos Aires : _bLa mandrágora, _c1960. |
||
| 300 |
_a87 páginas ; _c17 cm. |
||
| 505 | _aContenido: Biografía. | ||
| 650 |
_aBiografia _9437 |
||
| 650 |
_aLiteratura universal _9611 |
||
| 650 |
_aMaria Rilke _936914 |
||
| 700 |
_aChacel, Rosa (traducción) _912722 |
||
| 700 |
_aWendkheim, Nicolas (traducción) _936915 |
||
| 942 |
_2ddc _cLIBROS |
||
| 945 |
_adavv _d07/05/2019 |
||